| 000 | 00533nam a2200169 a 4500 | ||
|---|---|---|---|
| 001 | 000017867 | ||
| 005 | 20200929165247.0 | ||
| 008 | 100407s1945 dr 001 0 spa d | ||
| 040 |
_aDO-SdBNP _bspa _cBNPHU |
||
| 082 |
_axxxx _bL256r |
||
| 100 | 1 |
_aLandestoy, Carmita _938784 |
|
| 245 | 1 | 0 |
_aMis relaciones con el presidente Trujillo / _cLandestoy Carmita. |
| 246 | 1 | 4 | _aMis relaciones con el presidente Trujillo |
| 260 |
_aCiudad Trujillo, República Dominicana : _b[s.n.], _c1945. |
||
| 300 |
_a[s. p. ] ; _c24 cm. |
||
| 049 | _aBNPD | ||
| 999 |
_c17391 _d17391 |
||